Konštrukcie pozemných stavieb. Vybrané state pre špecializované štúdium znalcov /

Gespeichert in:
Bibliographische Detailangaben
1. Verfasser: Zajac, Jozef 1938-
Format: Buch
Sprache:Slowakisch
Veröffentlicht: Žilina : Žilinská univerzita v Žiline, 2002
Ausgabe:2. vyd.
Schlagworte:
ISBN:8071009938
Online-Zugang: Volltext
Tags: Tag hinzufügen
Keine Tags, Fügen Sie den ersten Tag hinzu!

MARC

LEADER 00000nam a2200000 4500
003 SK-BrCVT
005 20220621155618.0
008 030403s2002 xo e ||||||slo d
020 |a 8071009938 
035 |a CVTIDW0967816 
040 |b slo  |a CVTI SR 
041 0 |a slo 
044 |a xo 
080 |a 624.01/.07  |2 UDC-MRF 
100 1 |a Zajac, Jozef  |d 1938-,  |9 22525 
245 1 0 |a Konštrukcie pozemných stavieb. Vybrané state pre špecializované štúdium znalcov /  |c Jozef Zajac 
250 |a 2. vyd. 
260 |a Žilina :  |b Žilinská univerzita v Žiline,  |c 2002 
300 |a 197 s. :  |b fotogr., grafy, lit., obr., tab. ; 
500 |a Ústav súdneho inžinierstva 
653 1 |a dokumentácia  |a zakladanie stavieb  |a modulová koordinácia  |a strop  |a schody  |a stena  |a obvodový plášť  |a hydroizolácia 
692 |a LN DD JM MM 
910 |b S586489 
919 |a 80-7100-993-8 
974 |f Knihy 
992 |a ASK 
999 |c 125011  |d 125011